Tous les champions de formule 1 depuis 1950 année par année - Statistiques

Statistiques générales
  • Ce quiz a été pris 412 fois
    265 depuis la dernière actualisation
  • Le résultat moyen est 60 sur 74
Statistiques - réponses
Année Pilote % Correct
2020 Lewis Hamilton
100%
2023 Max Verstappen
100%
2022 Max Verstappen
100%
2021 Max Verstappen
100%
2019 Lewis Hamilton
99%
2018 Lewis Hamilton
99%
2017 Lewis Hamilton
99%
2015 Lewis Hamilton
98%
2014 Lewis Hamilton
98%
2016 Nico Rosberg
98%
2013 Sebastian Vettel
98%
2012 Sebastian Vettel
98%
2011 Sebastian Vettel
98%
2010 Sebastian Vettel
98%
2006 Fernando Alonso
96%
2008 Lewis Hamilton
96%
2004 Michael Schumacher
96%
2003 Michael Schumacher
96%
2002 Michael Schumacher
96%
2001 Michael Schumacher
96%
2005 Fernando Alonso
95%
2009 Jensen Button
95%
2007 Kimi Raïkkönen
95%
2000 Michael Schumacher
95%
1991 Ayrton Senna
92%
1997 Jacques Villeneuve
92%
1995 Michael Schumacher
92%
1994 Michael Schumacher
92%
1999 Mika Häkkinen
92%
1998 Mika Häkkinen
92%
1993 Alain Prost
91%
1988 Ayrton Senna
90%
1989 Alain Prost
89%
1990 Ayrton Senna
89%
1996 Damon Hill
89%
1986 Alain Prost
87%
1992 Nigel Mansell
83%
1985 Alain Prost
82%
1955 Juan Manuel Fangio
82%
1954 Juan Manuel Fangio
82%
1951 Juan Manuel Fangio
82%
1987 Nelson Piquet
82%
1984 Niki Lauda
82%
1956 Juan Manuel Fangio
81%
1952 Alberto Ascari
80%
1957 Juan Manuel Fangio
80%
1953 Alberto Ascari
79%
1950 Giuseppe Farina
78%
1983 Nelson Piquet
74%
1976 James Hunt
73%
1982 Keke Rosberg
73%
1977 Niki Lauda
73%
1981 Nelson Piquet
70%
1975 Niki Lauda
70%
1980 Alan Jones
65%
1978 Mario Andretti
65%
1962 Graham Hill
62%
1974 Emerson Fittipaldi
61%
1972 Emerson Fittipaldi
61%
1971 Jackie Stewart
61%
1969 Jackie Stewart
61%
1965 Jim Clark
61%
1968 Graham Hill
60%
1973 Jackie Stewart
60%
1958 Mike Hawthorn
60%
1961 Phil Hill
60%
1959 Jack Brabham
59%
1963 Jim Clark
59%
1979 Jody Scheckter
59%
1960 Jack Brabham
58%
1970 Jochen Rindt
57%
1964 John Surtees
55%
1967 Denny Hulme
53%
1966 Jack Brabham
53%
Aucun quiz correspondant
Distribution des résultats
% des personnes avec chaque résultat
Percentile par nombre de réponses
Votre historique - résultats
Vous n’avez pas pris ce quiz depuis la dernière actualisation